| 000 | 01258cam a2200337 a 4500 | ||
|---|---|---|---|
| 999 |
_c6484 _d6484 |
||
| 001 | 3854566 | ||
| 003 | OSt | ||
| 005 | 20200128105447.0 | ||
| 008 | 880201s1988 enka b 001 0 eng | ||
| 010 | _a 88004250 | ||
| 020 | _a0521360501 | ||
| 040 |
_aDLC _cDLC _dDLC |
||
| 082 | 0 | 0 |
_a523.18 _219 _bBER 1988 |
| 100 | 1 |
_aBernstein, Jeremy, _d1929- _913327 |
|
| 245 | 1 | 0 |
_aKinetic theory in the expanding universe / _cJeremy Bernstein. |
| 260 |
_aCambridge ; _aNew York : _bCambridge University Press, _c1988. |
||
| 300 |
_aviii, 149 p. : _bill. ; _c24 cm. |
||
| 440 | 0 |
_aCambridge monographs on mathematical physics _913328 |
|
| 500 | _aIncludes index. | ||
| 504 | _aBibliography: p. [145]. | ||
| 650 | 0 |
_aExpanding universe. _913329 |
|
| 650 | 0 |
_aKinetic theory of matter. _913330 |
|
| 650 | 0 |
_aTransport theory. _913331 |
|
| 650 | 0 |
_aGeneral relativity (Physics) _97986 |
|
| 650 | 0 |
_aAstrophysics. _97955 |
|
| 856 | 4 | 1 |
_3Table of contents _uhttp://www.loc.gov/catdir/toc/cam041/88004250.html |
| 856 | 4 | 1 |
_3Sample text _uhttp://www.loc.gov/catdir/samples/cam031/88004250.html |
| 856 | 4 | 2 |
_3Publisher description _uhttp://www.loc.gov/catdir/description/cam023/88004250.html |
| 906 |
_a7 _bcbc _corignew _d1 _eocip _f19 _gy-gencatlg |
||
| 942 |
_2ddc _cO_SHELF |
||